The Sword of Honour Trilogy /

में बचाया:
ग्रंथसूची विवरण
मुख्य लेखक: Waugh, Evelyn.
स्वरूप: पुस्तक
भाषा:English
प्रकाशित: London : David Campbell, 1994.
विषय:
टैग : टैग जोड़ें
कोई टैग नहीं, इस रिकॉर्ड को टैग करने वाले पहले व्यक्ति बनें!
Thư viện lưu trữ: Mạng thư viện Đại học Đà Nẵng
LEADER 00915cam a2200361 i 4500
001 000047302
003 6902
005 20030225153638.0
008 010309|1994 vm 000 eng
020 |a 1857151739 
022 |a T 
040 |a IRC  |c IRC  |d IRC 
041 0 |a eng 
082 1 4 |a 823.9  |b WA-E 
100 1 |a Waugh, Evelyn. 
245 0 4 |a The Sword of Honour Trilogy /  |c Evelyn Waugh ; Introduced by Frank Kermode. 
260 |a London :  |b David Campbell,  |c 1994. 
300 |a 710p. ;  |c 20.5cm. 
630 0 4 |a Evelyn Waugh. 
630 0 4 |a British literature. 
630 0 4 |a British stories. 
630 0 4 |a The Sword of Honour Trilogy. 
650 0 4 |a Roman Empire. 
OWN |a DUT 
999 |a From the UDN01 
TYP |a Monograph 
TYP |a Printed language 
980 |a Mạng thư viện Đại học Đà Nẵng